000 00736nam a2200289Ia 4500
001 5919
005 20240113233854.0
007 ta
008 131107s1968 ii g b000 u 465 u
040 _aCotton College Assam
041 _aeng
082 _a425
_bBo 66 An
_a820
100 _aBoulton, Marjorie .
245 0 _aThe Anatomy of Prose /
_cMarjorie Boulton.
_hTextual Documents
250 _a1st ed. /
260 _aNew York :
_bRoutledge Publishers ,
_c1968.
300 _axi, 190p. ;
_c18cm.
504 _aIndex
653 _aEnglish language
653 _aAnatomy of Prose
653 _aG-Languages
942 _2ddc
_cBK
999 _c5906
_d5906